| 000 | 00892nam a22002537a 4500 | ||
|---|---|---|---|
| 005 | 20111123155510.0 | ||
| 008 | 111123t xxu||||| |||| 00| 0 eng d | ||
| 010 | _aENG-104192 | ||
| 020 |
_a9780071333320 _c495.00 |
||
| 035 | _aEN-87725 | ||
| 037 | _bDBAD/PUB | ||
| 040 |
_aDPL _bEng |
||
| 082 | 0 | 0 | _a658.4 |
| 100 | 1 |
_936137 _aGhosh, B.N. |
|
| 245 | 1 | 0 |
_aBusiness ethics and corporate governance / _cby B.N. Ghosh |
| 260 |
_aNew Delhi _bTata McGraw-Hill _c2012 |
||
| 270 |
_a7 West Patel Nagar _bNew Delhi _e110008 |
||
| 300 |
_axviii,484p. _c24cm (pbk) |
||
| 500 | _aIncludes bibliographical references and index | ||
| 650 | 0 | _936139 | |
| 942 |
_2ddc _cEN _h658.4 _mGHO |
||
| 999 |
_c58678 _d58678 |
||